| 000 | 00748cam a2200229u 4500 | ||
|---|---|---|---|
| 001 | 000014841 | ||
| 005 | 20200929163916.0 | ||
| 008 | 840817s1934 sp 000 0 spa | ||
| 010 | _a43040479 | ||
| 040 |
_aDO-SdBNP _cCarP _dDLC |
||
| 050 | 0 | 0 |
_aJC325 _b.K42 |
| 100 | 1 |
_aKelsen, Hans, _d1881-1973. _933627 |
|
| 240 | 0 | 0 |
_aAllgemeine staatslehre. _lSpanish. [from old catalog] |
| 245 | 0 | 0 | _aTeoria general del estado;. |
| 260 |
_aBarcelona [etc.] : _bEditorial Labor, s.a., _c1934. |
||
| 300 |
_axix, 544 p. ; _c23 cm. |
||
| 650 | 0 |
_aState, the. _933628 |
|
| 650 | 0 |
_aConstitutional law. _94133 |
|
| 650 | 0 |
_aPolitical science. _94132 |
|
| 700 | 2 |
_aLegaz y Lacambra, Luis, [from old catalog] _etr. _933629 |
|
| 910 | _aCatalogación por copia / LC | ||
| 999 |
_c14421 _d14421 |
||